Oceanian Geography by Letter - G - Statistics

General Stats
  • This quiz has been taken 170 times
  • The average score is 9 of 20
Answer Stats
Hint Answer % Correct
Small American territory Guam
97%
What G in PNG stands for Guinea
89%
Country that controlled Palau until 1914 Germany
85%
Reef along the Queensland's coast Great Barrier Reef
79%
Queensland's second city Gold Coast
63%
Former name of Kiribati {Gilbert} Islands
59%
Solomon Island and WWII battle Guadalcanal
47%
Mountain range that runs from Queensland to Victoria Great Dividing Range
46%
One of the two largest deserts in Australia Great Victoria / Great Sandy
46%
Carpentaria, Hauraki, Papua, e.g. Gulf
42%
Victoria's second biggest city Geelong
40%
Bay formed by the southern coast of Australia Great Australian Bight
38%
Cute flying nocturnal animal Sugar {Glider}
34%
Nickname of Kauaʻi {Garden} Isle
31%
Easternmost NZ region Gisborne
21%
Australia's national flower Golden Wattle
18%
Road in Victoria stretching from Torquay to Allansford Great Ocean
15%
Nickname fo Oʻahu {Gathering} Place
13%
Largest island of New Caledonia Grande Terre
8%
One of the islands groups French Polynesia consists of {Gambier} Islands
7%
No matching quizzes found
Score Distribution
Percent of People with Each Score
Percentile by Number Answered
Your Score History
You have not taken this quiz